ELITECH´24 : 26th Conference of Doctoral Students. Bratislava, Slovakia. May 29, 2024 /

Salvato in:
Dettagli Bibliografici
Ente Autore: Conference of Doctoral Students ELITECH´24 Bratislava, Slovakia
Altri autori: Kozáková, Alena, 1960- (Compilatore), Andel, Boris (Revisore), Filanová, Jana, 1967- (Revisore)
Natura: Atti del Convegno Libro
Lingua:inglese
Pubblicazione: Bratislava : Vydavateľstvo Spektrum STU, 2024
Edizione:1. ed.
Tags: Aggiungi Tag
Nessun Tag, puoi essere il primo ad aggiungerne!!

MARC

LEADER 00000nam a22000003a 4500
001 0110199
003 SK-STU
005 20250618132811.1
007 ta
008 210616s ----xo-----e------100-0-----d
020 |a 978-80-227-5409-5 
035 |a biblio/1186842  |2 CREPC2 
040 |a STU  |b slo 
041 0 |a eng 
044 |a xo 
100 1 |a Kozáková, Alena,  |d 1960-  |u 030400  |4 com  |9 100  |r Z1  |U FEI Fakulta elektrotechniky a informatiky  |T FEI Ústav automobilovej mechatroniky  |X 4939  |U E400  |Y 642  |7 A000004939 
111 2 |a Conference of Doctoral Students ELITECH´24  |n 26.  |d May 29, 2024  |c Bratislava, Slovakia 
245 1 0 |a ELITECH´24 :  |h elektronický zdroj  |b 26th Conference of Doctoral Students. Bratislava, Slovakia. May 29, 2024 /  |c zost. Alena Kozáková ; rec. Boris Andel, Jana Filanová 
250 |a 1. ed. 
260 |a Bratislava :  |b Vydavateľstvo Spektrum STU,  |c 2024 
300 |a CD ROM, 137 s. 
700 1 |a Andel, Boris  |4 rev 
700 1 |a Filanová, Jana,  |d 1967-  |4 rev  |X 1839  |7 A000001839 
996 |b 284EO00624  |c E*O-624  |l EE0104  |s P  |a 0  |w 0110199_0001